<?xml version="1.0" encoding="UTF-8"?>
<record
    xmlns:xsi="http://www.w3.org/2001/XMLSchema-instance"
    xsi:schemaLocation="http://www.loc.gov/MARC21/slim http://www.loc.gov/standards/marcxml/schema/MARC21slim.xsd"
    xmlns="http://www.loc.gov/MARC21/slim">

  <leader>00566nam a2200181Ia 4500</leader>
  <controlfield tag="008">230718s9999    xx            000 0 und d</controlfield>
  <datafield tag="020" ind1=" " ind2=" ">
    <subfield code="a">9789350350003</subfield>
  </datafield>
  <datafield tag="041" ind1=" " ind2=" ">
    <subfield code="a">eng</subfield>
  </datafield>
  <datafield tag="082" ind1=" " ind2=" ">
    <subfield code="a">004</subfield>
    <subfield code="b">SHA</subfield>
  </datafield>
  <datafield tag="100" ind1=" " ind2=" ">
    <subfield code="a">Sharma V.</subfield>
    <subfield code="9">118529</subfield>
  </datafield>
  <datafield tag="245" ind1=" " ind2=" ">
    <subfield code="a">Information Technology Law And Practice </subfield>
    <subfield code="b">Law And Emerging Technology Cyber Law And E-Commerce</subfield>
  </datafield>
  <datafield tag="250" ind1=" " ind2=" ">
    <subfield code="a"> 3rd ed.</subfield>
  </datafield>
  <datafield tag="260" ind1=" " ind2=" ">
    <subfield code="c">2011</subfield>
    <subfield code="b">Universal Law Publishing</subfield>
  </datafield>
  <datafield tag="300" ind1=" " ind2=" ">
    <subfield code="a">566</subfield>
    <subfield code="d">Ref 65 IT (39165)</subfield>
  </datafield>
  <datafield tag="365" ind1=" " ind2=" ">
    <subfield code="c">Rs.</subfield>
    <subfield code="b">395.00</subfield>
  </datafield>
  <datafield tag="700" ind1=" " ind2=" ">
    <subfield code="a">Sharma V.</subfield>
    <subfield code="9">118529</subfield>
  </datafield>
  <datafield tag="906" ind1=" " ind2=" ">
    <subfield code="d">O:0182014-Jun-2011B:250924-May-2011</subfield>
    <subfield code="c">IT</subfield>
    <subfield code="b">59.25</subfield>
  </datafield>
  <datafield tag="999" ind1=" " ind2=" ">
    <subfield code="c">327958</subfield>
    <subfield code="d">327958</subfield>
  </datafield>
  <datafield tag="952" ind1=" " ind2=" ">
    <subfield code="0">0</subfield>
    <subfield code="1">0</subfield>
    <subfield code="2">ddc</subfield>
    <subfield code="3">Ref 65 IT (39165)</subfield>
    <subfield code="4">0</subfield>
    <subfield code="7">3</subfield>
    <subfield code="a">CCEP</subfield>
    <subfield code="b">CCEP</subfield>
    <subfield code="d">2011-06-29</subfield>
    <subfield code="e">Om Book Stall</subfield>
    <subfield code="f">IT</subfield>
    <subfield code="g">335.75</subfield>
    <subfield code="i">2509</subfield>
    <subfield code="o">004</subfield>
    <subfield code="p">CCEP-BK-39165</subfield>
    <subfield code="r">2023-07-18 00:00:00</subfield>
    <subfield code="t">59.25</subfield>
    <subfield code="v">395.00</subfield>
    <subfield code="w">2011-05-24</subfield>
    <subfield code="y">BK</subfield>
    <subfield code="z">039165</subfield>
  </datafield>
</record>
